Statistiques concernant They Shoot Pictures, Don't They? - films 981 à 1000

Cliquez ici pour prendre le quiz!

Statistiques générales

  • Ce quiz a été pris 23 fois
  • Le résultat moyen est 3 sur 20

Statistiques - réponses

Réponse% Correct
The Host
76%
Z
59%
L'Impasse
53%
Une histoire vraie
35%
Le Droit du plus fort
12%
Le Sang des bêtes
12%
Une page folle
12%
Herbes flottantes
6%
Kwaidan
6%
America, America
0%
La Marque du tueur
0%
La Ronde de l'aube
0%
La Vengeance des 47 rōnin
0%
Le Roman de Mildred Pierce
0%
Les Maîtres Fous
0%
L'Éventail de Lady Windermere
0%
Police spéciale
0%
Sholay
0%
Sweetie
0%
Trás-os-Montes
0%

Distribution des résultats

Percentile par nombre de réponses

% des personnes avec chaque résultat

Votre développement - résultats

Vous n’avez pas pris ce quiz